00830nam a2200205 a 4500008004100000020001500041050001600056100001600072245009800088260004200186300002200228350000900250650001500259650002300274650005100297700001800348995010900366999001700475952013200492100329s2005 ||||||||||||||||| || u a0199267529 aHD 62.4 Lee aLee, Kiefer10aGlobal marketing management: changes, challenges and new strategiescKiefer Lee, Steve Carter aOxfordbOxford University Pressc2005 axxxi, 582p.: ill. a0.00 0aMANAGEMENT 0aSTRATEGIC PLANNING aINTERNATIONAL BUSINESS ENTERPRISES--MANAGEMENT aCarter, Steve D0.00FCBU-MAIN LIBRARY (Kitwe)H1I0.00M1UAVAILABLEWMay 12, 2010ZMain Library Open Access Collection c44684d44684 00102lcc4070a001b001cMain Library Open Access Collectiond2022-11-30l0oHD 62.4 Leep741206r2022-11-30w2022-11-30y002